000 01672nam a2200529 i 4500
001 24566
003 KOSZ 005
005 20200317113803.0
008 980702s1995 pl a f |000 0 pol
015 _aUWD 1996/2300
020 _a8370175740
035 _a991003915089705066
035 _a(PL-WaBN)b11043167-48omnis_nlop
035 _ab11043167
035 _a(OCoLC)749263916
035 _a(PL)b0000001104316
035 _a(EXLNZ-48OMNIS_NETWORK)9910386378805606
040 _aWA N
_cWA N
_dKOSZ 005/EC
041 _apol
046 _k1995
080 _a53
080 _a614.7
080 _a614.87
080 _a(075.8)
100 1 _aGrzywacz, Jerzy
_d(1929- )
_eAutor
245 1 0 _aFizyka dla ochrony środowiska /
_cJerzy Grzywacz.
260 _aGdańsk :
_bWydaw. Uniwersytetu Gdańskiego,
_c1995
_e(Sopot :
_fUG).
300 _a83 s. :
_bmapa, rys., wykr. ;
_c24 cm.
336 _2rdacontent
_aTekst
_btxt
337 _2rdamedia
_aBez urządzenia pośredniczącego
_bn
338 _2rdacarrier
_aWolumin
_bnc
380 _aKsiążki
380 _aPublikacje dydaktyczne
385 _mPoziom nauczania
_aSzkoły wyższe
388 _a1901-2000
388 _a1989-2000
504 _aBibliogr. s. 83.
650 7 _aFizyka
_2DBN
650 7 _aOchrona środowiska
_2DBN
655 7 _aPodręczniki akademickie
_2DBN
658 _aFizyka i astronomia
658 _aOchrona środowiska
710 2 _aWydawnictwo Uniwersytetu Gdańskiego
_4pbl
856 _uhttp://koha.tu.koszalin.pl/cgi-bin/koha/opac-detail.pl?biblionumber=24566
_yKatalog online BPK
942 _2UKD
_cKS
999 _c24566
_d24566